Представление документа в формате MARC21

ПолеНазваниеЗначение
  Тип записи a
  Библиографический уровень m
001 Контрольный номер BIBLIOCLUB\0000721310
005 Дата корректировки 20260430154905.2
006 m o d
007 Элементы данных для физической характеристики c|||||||||||||
008 Кодируемые данные s2024 rus o rus d
041 Код языка издания 0_
a Код языка текста rus
084 Индекс другой классификации/Индекс ББК __
a Индекс другой классификации/Индекс ББК 4я73
b Номер единицы LBC/PL
2 Источник индекса rubbk
100 Автор 1_
a Автор Голубь А. С.
245 Заглавие 10
a Заглавие Основы сельскохозяйственного производства
b Продолж. заглавия учебное пособие
c Ответственность А. С. Голубь, Е. Б. Дрепа, О. Г. Шабалдас
c Ответственность Ставропольский государственный аграрный университет
260 Выходные данные __
a Место издания Ставрополь
b Издательство АГРУС
c Дата издания 2024
300 Физическое описание __
a Объем 152 с.
b Иллюстрации/ тип воспроизводства ил.
504 Библиография __
a Библиография Библиогр. в кн
653 Ключевые слова 1_
a Ключевые слова Учебник для высшей школы
700 Другие авторы _1
a Другие авторы Дрепа Е. Б.
700 Другие авторы _1
a Другие авторы Шабалдас О. Г.
856 Электронный адрес документа 40
3 Область применения данных поля Университетская библиотека ONLINE
u URL https://biblioclub.ru/index.php?page=book&id=721310
900 Электронные ресурсы __
a Имя электронного ресурса https://img.biblioclub.ru/sm_cover/56685f8d2a2afb8dc6a2aab72cf3e86fuy6o8uu9mk/cover.jpg